Crusade: The Uses of a Word from the Middle Ages to the Present (Record no. 81082)

MARC details
000 -LEADER
fixed length control field 03313namaa2200469uu 4500
001 - CONTROL NUMBER
control field doab133811
003 - CONTROL NUMBER IDENTIFIER
control field oapen
005 - DATE AND TIME OF LATEST TRANSACTION
control field 20260218110435.0
006 - FIXED-LENGTH DATA ELEMENTS--ADDITIONAL MATERIAL CHARACTERISTICS
fixed length control field m o d
007 - PHYSICAL DESCRIPTION FIXED FIELD--GENERAL INFORMATION
fixed length control field cr|mn|---annan
008 - FIXED-LENGTH DATA ELEMENTS--GENERAL INFORMATION
fixed length control field 240131s2024 xx |||||o ||| 0|eng d
020 ## - INTERNATIONAL STANDARD BOOK NUMBER
International Standard Book Number 9781003371144
020 ## - INTERNATIONAL STANDARD BOOK NUMBER
International Standard Book Number 9781003371144
020 ## - INTERNATIONAL STANDARD BOOK NUMBER
International Standard Book Number 9781003861713
020 ## - INTERNATIONAL STANDARD BOOK NUMBER
International Standard Book Number 9781003861751
020 ## - INTERNATIONAL STANDARD BOOK NUMBER
International Standard Book Number 9781032442358
024 7# - OTHER STANDARD IDENTIFIER
Standard number or code 10.4324/9781003371144
Source of number or code doi
040 ## - CATALOGING SOURCE
Original cataloging agency oapen
Transcribing agency oapen
Modifying agency
041 0# - LANGUAGE CODE
Language code of text/sound track or separate title eng
042 ## - AUTHENTICATION CODE
Authentication code dc
245 00 - TITLE STATEMENT
Title Crusade: The Uses of a Word from the Middle Ages to the Present
260 ## - PUBLICATION, DISTRIBUTION, ETC.
Place of publication, distribution, etc. Oxford
Name of publisher, distributor, etc. Taylor & Francis
Date of publication, distribution, etc. 2024
300 ## - PHYSICAL DESCRIPTION
Extent 1 online resource (190 p.)
336 ## - CONTENT TYPE
Content type term text
Content type code txt
Source rdacontent
337 ## - MEDIA TYPE
Media type term computer
Media type code c
Source rdamedia
338 ## - CARRIER TYPE
Carrier type term online resource
Carrier type code cr
Source rdacarrier
490 1# - SERIES STATEMENT
Series statement Crusades - Subsidia
506 0# - RESTRICTIONS ON ACCESS NOTE
Standardized terminology for access restriction Unrestricted online access
Source of term star
520 ## - SUMMARY, ETC.
Summary, etc. The word 'crusade' covers today a wide variety of meanings in most European languages. The link between these uses and the historical phenomenon labelled as 'crusade' by historians is often very narrow and particularly changing. Understanding the real meaning of the word 'crusade', its connotations and implications, and thus the conscious or unconscious intentions of its uses requires a precise knowledge of the historical evolutions of the word, from its first appearance in the 13th century until nowadays. This book offers the first comprehensive view of the historical construction of the meaning of the word 'crusade' through comparative perspectives from the Middle Ages to the 21st century. Its 11 articles, introduction and conclusion examine different uses of the word, in a single language or within a specific context, and analyse each of them as a different conceptualisation of the crusading phenomenon. The book explains the progressive widening of the meaning of the term, from a military expedition to Jerusalem to the most metaphorical uses. It demonstrates the differences between the connotations of the word in various languages and cultures and, thus, the variety of its possible uses. It insists on the reluctance and reticence that 'crusade' has always provoked since the Middle Ages, precisely because the conceptualisation it implied was not shared by all. The book will be of interest not only for crusade scholars and for diachronic linguists but also for anyone interested in understanding better modern discourses and references to the 'crusade' by politicians, activists, and journalists, through a precise inquiry on the historical developments of the word and the variety of its meanings.
540 ## - TERMS GOVERNING USE AND REPRODUCTION NOTE
Terms governing use and reproduction Creative Commons
-- https://creativecommons.org/licenses/by-nc-nd/4.0/
-- cc
Uniform Resource Identifier <a href="https://creativecommons.org/licenses/by-nc-nd/4.0/">https://creativecommons.org/licenses/by-nc-nd/4.0/</a>
546 ## - LANGUAGE NOTE
Language note English
650 #7 - SUBJECT ADDED ENTRY--TOPICAL TERM
Topical term or geographic name entry element European history
Source of heading or term bicssc
650 #7 - SUBJECT ADDED ENTRY--TOPICAL TERM
Topical term or geographic name entry element Historiography
Source of heading or term bicssc
650 #7 - SUBJECT ADDED ENTRY--TOPICAL TERM
Topical term or geographic name entry element Medieval history
Source of heading or term bicssc
650 #7 - SUBJECT ADDED ENTRY--TOPICAL TERM
Topical term or geographic name entry element Military history
Source of heading or term bicssc
650 #7 - SUBJECT ADDED ENTRY--TOPICAL TERM
Topical term or geographic name entry element Social & cultural history
Source of heading or term bicssc
720 1# - ADDED ENTRY--UNCONTROLLED NAME
Name Weber, Benjamin
Relator code edt
720 1# - ADDED ENTRY--UNCONTROLLED NAME
Name Weber, Benjamin
Relator code oth
793 0# -
-- DOAB Library.
856 ## - ELECTRONIC LOCATION AND ACCESS
Uniform Resource Identifier <a href="https://docs.google.com/spreadsheets/d/1yKIrdCPDAG_9c22mwoOIO2DOhtj65Wqa/edit?usp=sharing&ouid=106555315294820607512&rtpof=true&sd=true ">https://docs.google.com/spreadsheets/d/1yKIrdCPDAG_9c22mwoOIO2DOhtj65Wqa/edit?usp=sharing&ouid=106555315294820607512&rtpof=true&sd=true </a>
Link text List of Curated E-Books
942 ## - ADDED ENTRY ELEMENTS (KOHA)
Koha item type E-Book
Holdings
Withdrawn status Damaged status Not for loan Home library Current library Date acquired Total Checkouts Date last seen Price effective from Koha item type
      Directory of Open Access Books Directory of Open Access Books 12/09/2024   12/09/2024 12/09/2024 E-Book

University of Rizal System
Email us at univlibservices@urs.edu.ph

Visit our Website www.urs.edu.ph/library